[Event "ÕÕÕII Nezhmetdinov Memorial"]
[Site "?"]
[Date "2010.06.04"]
[Round "5.25"]
[White "Fedoseev, Vladimir"]
[Black "Bibilashvili, Anna"]
[Result "1-0"]
[WhiteElo "2183"]
[BlackElo "1920"]
[PlyCount "85"]
[EventDate "2010.06.01"]
[SourceDate "2010.06.05"]

1. d4 Nf6 2. Nc3 e6 3. e4 Bb4 4. Bd3 d5 5. e5 Nfd7 6. Qg4 g6 7. Bg5 Be7 8. h4
h6 9. Bxe7 Qxe7 10. O-O-O b6 11. f4 Ba6 12. h5 Bxd3 13. Rxd3 Rg8 14. Nh3 Nc6
15. hxg6 Rxg6 16. Qf3 O-O-O 17. f5 Rgg8 18. Nf4 Ndxe5 19. dxe5 Nxe5 20. Qe2
Nxd3+ 21. Qxd3 Qg5 22. Qa6+ Kb8 23. Rf1 c6 24. fxe6 fxe6 25. Kb1 Qe7 26. a4 e5
27. Qe2 Qd6 28. Nd3 e4 29. Nc1 Qg3 30. Rf7 Rg7 31. Rxg7 Qxg7 32. a5 Kb7 33. Nb3
Rg8 34. Qh5 Rf8 35. Qh3 Rf2 36. Qe6 Rf6 37. Qe8 Rg6 38. Nd4 Qh7 39. a6+ Kxa6
40. Nxc6 Kb7 41. Nd8+ Kc8 42. Nf7+ Kb7 43. Nxd5 1-0

[Event "ÕÕÕII Nezhmetdinov Memorial"]
[Site "?"]
[Date "2010.06.04"]
[Round "5.26"]
[White "Kamov, Igor"]
[Black "Vasilov, Artur"]
[Result "1-0"]
[WhiteElo "2179"]
[BlackElo "2165"]
[PlyCount "57"]
[EventDate "2010.06.01"]
[SourceDate "2010.06.05"]

1. Nf3 Nf6 2. c4 g6 3. d4 Bg7 4. Nc3 d5 5. cxd5 Nxd5 6. e4 Nxc3 7. bxc3 c5 8.
Be3 O-O 9. Qd2 Qa5 10. Rc1 Nc6 11. d5 Rd8 12. Be2 Bg4 13. h3 Bxf3 14. Bxf3 e6
15. Be2 Qa4 16. c4 Nd4 17. O-O exd5 18. exd5 a6 19. Bd3 Rac8 20. Bg5 Re8 21.
Rfe1 Rxe1+ 22. Rxe1 b5 23. d6 bxc4 24. Bxc4 Rf8 25. Qd3 Qc6 26. Be7 Ra8 27.
Bxf7+ Kh8 28. h4 Rc8 29. Qh3 1-0

[Event "ÕÕÕII Nezhmetdinov Memorial"]
[Site "?"]
[Date "2010.06.04"]
[Round "5.27"]
[White "Zaynutdinov, Iskander"]
[Black "Zenzera, Alexey"]
[Result "0-1"]
[WhiteElo "1986"]
[BlackElo "2170"]
[PlyCount "70"]
[EventDate "2010.06.01"]
[SourceDate "2010.06.05"]

1. d4 Nf6 2. Nf3 e6 3. c4 b6 4. g3 Ba6 5. b3 Bb4+ 6. Bd2 Be7 7. Bg2 c6 8. Bc3
O-O 9. O-O d5 10. Ne5 Nfd7 11. Nxd7 Nxd7 12. Nd2 Nf6 13. e4 dxe4 14. Nxe4 Bb7
15. Qc2 Qc7 16. Rfe1 Rfd8 17. Rad1 Rac8 18. Qb2 Nxe4 19. Bxe4 Bf6 20. Rd2 Rd7
21. Red1 Rcd8 22. Bg2 h6 23. h4 Ba6 24. Qc2 Be7 25. d5 cxd5 26. cxd5 exd5 27.
Bxd5 Rxd5 28. Rxd5 Rxd5 29. Rxd5 Qc6 30. Rd1 Bb7 31. f3 Qxf3 32. Kh2 Bd6 33.
Be5 Be4 34. Rf1 Bxc2 35. Rxf3 Bxe5 0-1

[Event "ÕÕÕII Nezhmetdinov Memorial"]
[Site "?"]
[Date "2010.06.04"]
[Round "5.29"]
[White "Faizrakhmanov, Ilmir"]
[Black "Abdullin, Renat"]
[Result "1/2-1/2"]
[WhiteElo "1912"]
[BlackElo "2135"]
[PlyCount "123"]
[EventDate "2010.06.01"]
[SourceDate "2010.06.05"]

1. e4 c5 2. Ne2 Nc6 3. g3 e6 4. Bg2 d6 5. O-O Nf6 6. d4 cxd4 7. Nxd4 Nxd4 8.
Qxd4 Be7 9. b3 Qc7 10. Ba3 O-O 11. c4 Rd8 12. Nc3 Bd7 13. Rac1 a6 14. Rfd1 Be8
15. Rd2 Qa5 16. Bb2 b5 17. cxb5 axb5 18. a3 e5 19. Qd3 b4 20. Nb1 bxa3 21. Bxa3
Rab8 22. b4 Qa7 23. Rdc2 Bb5 24. Qd2 Qa8 25. Qe3 h6 26. h3 Rdc8 27. Nc3 Bc4 28.
Nd5 Nxd5 29. exd5 Bb5 30. Rxc8+ Rxc8 31. Rxc8+ Qxc8 32. Bf1 Bxf1 33. Kxf1 Qc4+
34. Kg1 Qxd5 35. Qa7 Bg5 36. Qb8+ Kh7 37. b5 Qd1+ 38. Kg2 e4 39. Qa8 d5 40. Bc5
Qf3+ 41. Kh2 e3 42. Bxe3 Bxe3 43. fxe3 Qe2+ 44. Kh1 Qxb5 45. Qa2 Qf1+ 46. Kh2
Qf3 47. Qd2 h5 48. h4 f6 49. Qd4 Kg6 50. Qd3+ Qe4 51. Qd2 Kh6 52. Qf2 f5 53.
Qf4+ Qxf4 54. gxf4 Kg6 55. Kg2 Kf6 56. Kf3 Ke6 57. Ke2 Kd6 58. Kd3 Kc5 59. Kc3
Kd6 60. Kd4 Ke6 61. Kc5 g6 62. Kd4 1/2-1/2

[Event "ÕÕÕII Nezhmetdinov Memorial"]
[Site "?"]
[Date "2010.06.04"]
[Round "5.30"]
[White "Riazanov, Alexey"]
[Black "Pokudov, Zakhar"]
[Result "0-1"]
[WhiteElo "2114"]
[BlackElo "1794"]
[PlyCount "88"]
[EventDate "2010.06.01"]
[SourceDate "2010.06.05"]

1. d4 Nf6 2. c4 c5 3. d5 b5 4. cxb5 a6 5. Nc3 axb5 6. e4 b4 7. Nb5 d6 8. Bf4 g5
9. Bxg5 Nxe4 10. Bf4 Qa5 11. Bd2 Nxd2 12. Qxd2 Bg7 13. a4 b3 14. Bc4 Bf5 15.
Bxb3 Bxb2 16. Ra2 Bf6 17. Nf3 Bd3 18. Qxa5 Rxa5 19. Kd2 Bxb5 20. axb5 Rxa2+ 21.
Bxa2 Kd8 22. Rb1 Kc7 23. Kd3 Nd7 24. Nd2 Ra8 25. Bb3 Ra5 26. Bc2 h6 27. Nc4
Ne5+ 28. Nxe5 Bxe5 29. h3 Kb6 30. Kc4 e6 31. g3 Ra3 32. Bb3 Ka5 33. Bc2 Ra2 34.
Rc1 Rb2 35. f4 Bf6 36. dxe6 fxe6 37. Kd3 Kxb5 38. Re1 e5 39. fxe5 Bxe5 40. g4
c4+ 41. Kd2 Kb4 42. Re4 Bf6 43. Re8 Bg5+ 44. Kd1 Kc3 0-1

[Event "ÕÕÕII Nezhmetdinov Memorial"]
[Site "?"]
[Date "2010.06.04"]
[Round "5.31"]
[White "Belova, Olga"]
[Black "Vafin, Ayrat"]
[Result "0-1"]
[WhiteElo "1930"]
[BlackElo "2113"]
[PlyCount "66"]
[EventDate "2010.06.01"]
[SourceDate "2010.06.05"]

1. e4 c5 2. Nf3 e6 3. Nc3 Nc6 4. d4 cxd4 5. Nxd4 d6 6. Be2 Nf6 7. O-O Be7 8.
Kh1 O-O 9. f4 e5 10. Nf5 Bxf5 11. exf5 exf4 12. Bxf4 d5 13. Qe1 Bb4 14. Qg3
Bxc3 15. bxc3 Ne4 16. Qh3 Qf6 17. Bf3 Nxc3 18. Bg3 Ne4 19. Bh4 Qh6 20. Rae1
Rfe8 21. Qg4 Ne5 22. Qh3 Nd2 23. Rg1 f6 24. Qg3 Ndc4 25. Be2 Ne3 26. Qf2 Nxf5
27. Qxf5 Qxh4 28. Bb5 Red8 29. g4 h6 30. Rg3 Qg5 31. Qe6+ Kh8 32. Rf1 a6 33.
Be2 Nc6 0-1

[Event "ÕÕÕII Nezhmetdinov Memorial"]
[Site "?"]
[Date "2010.06.04"]
[Round "5.32"]
[White "Ibraev, Vasilij"]
[Black "Kalinin, Nikita"]
[Result "0-1"]
[WhiteElo "2258"]
[BlackElo "2032"]
[PlyCount "58"]
[EventDate "2010.06.01"]
[SourceDate "2010.06.05"]

1. c4 c6 2. Nf3 Nf6 3. b3 d5 4. Bb2 Bf5 5. g3 h6 6. Bg2 e6 7. O-O Bd6 8. d3 O-O
9. Nbd2 Re8 10. Rc1 Nbd7 11. Re1 e5 12. cxd5 cxd5 13. e4 Be6 14. d4 Nxe4 15.
Nxe4 dxe4 16. Nxe5 f5 17. Nc4 Bb4 18. Re2 Nf6 19. Rec2 Rc8 20. Bf1 f4 21. Ne5
Rxc2 22. Rxc2 Nd5 23. Qh5 e3 24. Bd3 Nf6 25. Qg6 Bd2 26. Kf1 Bh3+ 27. Ke2 Rxe5
28. dxe5 exf2 29. Kxf2 Qb6+ 0-1

[Event "ÕÕÕII Nezhmetdinov Memorial"]
[Site "?"]
[Date "2010.06.04"]
[Round "5.33"]
[White "Husnullin, Ramil"]
[Black "Faizrakhmanov, Ramil"]
[Result "1-0"]
[WhiteElo "2196"]
[BlackElo "1957"]
[PlyCount "115"]
[EventDate "2010.06.01"]
[SourceDate "2010.06.05"]

1. e4 e6 2. d4 d5 3. Nc3 Nf6 4. e5 Nfd7 5. f4 c5 6. Nf3 Nc6 7. Be3 a6 8. Qd2 b5
9. dxc5 Bxc5 10. Bxc5 Nxc5 11. Qf2 Qb6 12. Bd3 Rb8 13. O-O Na4 14. Nxa4 bxa4
15. Qxb6 Rxb6 16. b3 Ke7 17. Kf2 Bd7 18. Ke3 Rc8 19. bxa4 Na5 20. Rab1 Rcb8 21.
c3 Bxa4 22. Rxb6 Rxb6 23. Rb1 Rxb1 24. Bxb1 Nc4+ 25. Kd4 Na3 26. Bd3 Bb5 27.
Ne1 Bxd3 28. Nxd3 Nb5+ 29. Kc5 Nxc3 30. a3 Nb5 31. a4 Nc3 32. a5 Kd7 33. Nb4
Na4+ 34. Kd4 Kc7 35. Nxa6+ Kc6 36. g4 g6 37. h4 h5 38. gxh5 gxh5 39. Nb4+ Kb5
40. Nd3 Kxa5 41. f5 Nb6 42. fxe6 fxe6 43. Nf4 Nc8 44. Nxh5 Ne7 45. Ng7 Nc6+ 46.
Kc5 Nxe5 47. Nxe6 Nf7 48. h5 Ka6 49. Kxd5 Kb7 50. Nc5+ Kc7 51. Ke6 Nh6 52. Ne4
Kc8 53. Ke7 Ng4 54. Nd6+ Kc7 55. Nf7 Ne3 56. Ke6 Ng4 57. Kf5 Ne3+ 58. Kg5 1-0

[Event "ÕÕÕII Nezhmetdinov Memorial"]
[Site "?"]
[Date "2010.06.04"]
[Round "5.34"]
[White "Gabaidulina, Olga"]
[Black "Sadykov, Airat F."]
[Result "0-1"]
[WhiteElo "1857"]
[BlackElo "2112"]
[PlyCount "86"]
[EventDate "2010.06.01"]
[SourceDate "2010.06.05"]

1. e4 e5 2. Nf3 Nf6 3. Nxe5 d6 4. Nf3 Nxe4 5. Nc3 Nxc3 6. dxc3 Be7 7. Bf4 Nc6
8. Qd2 Bg4 9. O-O-O Qd7 10. Qe3 Qe6 11. a3 h6 12. Kb1 O-O-O 13. Be2 Rhe8 14. h3
Qxe3 15. Bxe3 Bh5 16. g4 Bg6 17. Nd4 Nb8 18. h4 Be4 19. f3 Bc6 20. Bf2 Bd7 21.
Bd3 g6 22. Rhg1 Nc6 23. Nxc6 Bxc6 24. f4 Bf6 25. g5 Bg7 26. f5 Be4 27. f6 Bf8
28. Rde1 Bxd3 29. cxd3 d5 30. Bg3 Kd7 31. c4 dxc4 32. dxc4 Bc5 33. Rxe8 Rxe8
34. Rd1+ Kc6 35. Ka2 Bd6 36. Bxd6 cxd6 37. Rd4 Re5 38. a4 Kc5 39. Rg4 Re3 40.
Rf4 Kb4 41. Rd4 Kc5 42. Rd5+ Kc6 43. Rd4 a5 0-1

[Event "ÕÕÕII Nezhmetdinov Memorial"]
[Site "?"]
[Date "2010.06.04"]
[Round "5.35"]
[White "Fedotov, Ivan"]
[Black "Zakharov, Kirill"]
[Result "0-1"]
[WhiteElo "2078"]
[BlackElo "1911"]
[PlyCount "58"]
[EventDate "2010.06.01"]
[SourceDate "2010.06.05"]

1. e4 c5 2. Nf3 Nc6 3. d4 cxd4 4. Nxd4 e5 5. Nb5 d6 6. N1c3 a6 7. Na3 Be6 8.
Nd5 Nf6 9. Bg5 Bxd5 10. Qxd5 Qb6 11. Bxf6 Qxb2 12. Bc4 Qc3+ 13. Ke2 Nd4+ 14.
Kd1 Qxa1+ 15. Kd2 Nb3+ 16. Bxb3 Qd4+ 17. Qxd4 exd4 18. Bxd4 d5 19. Nb1 dxe4 20.
Re1 f5 21. f3 O-O-O 22. Ke3 exf3 23. gxf3 Bb4 24. Be6+ Kb8 25. c3 Rhe8 26. Kd3
Bc5 27. Kc4 Bd6 28. Re2 Re7 29. Nd2 b5+ 0-1

[Event "ÕÕÕII Nezhmetdinov Memorial"]
[Site "?"]
[Date "2010.06.04"]
[Round "5.36"]
[White "Beliaev, Vasily"]
[Black "Khazieva, Elza"]
[Result "0-1"]
[WhiteElo "2064"]
[BlackElo "1796"]
[PlyCount "80"]
[EventDate "2010.06.01"]
[SourceDate "2010.06.05"]

1. e4 c5 2. Nf3 d6 3. d4 cxd4 4. Nxd4 Nf6 5. Nc3 g6 6. f4 Nc6 7. Nxc6 bxc6 8.
e5 Nd7 9. Bc4 dxe5 10. O-O Bg7 11. Qf3 O-O 12. f5 Nf6 13. Rd1 Qb6+ 14. Be3 Qxb2
15. Bc5 Bxf5 16. Rab1 Qxc2 17. Bb3 e4 18. Bxc2 exf3 19. Bxf5 gxf5 20. gxf3 Nh5
21. Ne2 Bf6 22. Rb7 Rfd8 23. Rxd8+ Rxd8 24. Rxa7 Rd2 25. Ng3 Nxg3 26. hxg3 e5
27. Be3 Rd1+ 28. Kg2 Kg7 29. a4 Rd3 30. Bb6 e4 31. f4 Bd4 32. Rb7 Rd2+ 33. Kf1
Bxb6 34. Rxb6 Ra2 35. Ra6 c5 36. Ra8 Kg6 37. Ra6+ Kh5 38. Ra5 Kg4 39. Rxc5 Kf3
40. Rc3+ e3 0-1

[Event "ÕÕÕII Nezhmetdinov Memorial"]
[Site "?"]
[Date "2010.06.04"]
[Round "5.37"]
[White "Sannikov, Grigory"]
[Black "Semenova, Anastasia"]
[Result "1-0"]
[WhiteElo "2059"]
[BlackElo "1898"]
[PlyCount "95"]
[EventDate "2010.06.01"]
[SourceDate "2010.06.05"]

1. e4 e5 2. Nf3 Nf6 3. d3 Nc6 4. c3 d5 5. Nbd2 dxe4 6. dxe4 a6 7. Be2 Bc5 8.
O-O O-O 9. h3 Qe7 10. Qc2 b5 11. b4 Bb6 12. a4 bxa4 13. Rxa4 Bb7 14. Ba3 Nb8
15. c4 c5 16. Bd3 Nbd7 17. Rb1 Rfb8 18. b5 axb5 19. cxb5 Rxa4 20. Qxa4 Ra8 21.
Qb3 Ne8 22. Nc4 Kh8 23. Rc1 Rc8 24. Qc3 Bc7 25. Nfd2 Nd6 26. Nxd6 Bxd6 27. Nc4
f6 28. f3 Bc7 29. Ne3 Bb6 30. Bc4 g6 31. Rd1 Nf8 32. Qb3 Rd8 33. Rc1 Kg7 34.
Kh1 Rd6 35. Bd5 Ne6 36. Bxe6 Rxe6 37. Qc4 Qd7 38. Bxc5 Bxc5 39. Qxc5 Rd6 40.
Kh2 Qe6 41. Rd1 Rxd1 42. Nxd1 Qd7 43. Ne3 Qf7 44. Nc4 Qd7 45. Nd6 Ba8 46. b6
Bc6 47. Nc4 Kh6 48. Qd6 1-0

[Event "ÕÕÕII Nezhmetdinov Memorial"]
[Site "?"]
[Date "2010.06.04"]
[Round "5.38"]
[White "Emelianov, Fedor"]
[Black "Ryskanov, Ildar"]
[Result "1-0"]
[WhiteElo "2165"]
[BlackElo "1976"]
[PlyCount "105"]
[EventDate "2010.06.01"]
[SourceDate "2010.06.05"]

1. Nf3 d5 2. c4 c6 3. b3 Nf6 4. g3 Bg4 5. Bg2 e6 6. Bb2 Nbd7 7. d3 Bd6 8. Nbd2
Qc7 9. Rc1 Rc8 10. Rc2 Qb8 11. Qa1 e5 12. cxd5 Nxd5 13. O-O O-O 14. Nc4 f6 15.
a3 Bc7 16. Re1 b5 17. Ncd2 c5 18. Nxe5 Ne3 19. fxe3 Bxe5 20. Ne4 Bxb2 21. Qxb2
Rfe8 22. Nf2 Bh5 23. Bh3 Rc7 24. Bxd7 Rxd7 25. Rxc5 Bf7 26. e4 Qb6 27. Rec1
Red8 28. Kg2 Rd6 29. Nd1 g6 30. Ne3 Be6 31. b4 Rf8 32. Nc2 f5 33. Rf1 Re8 34.
Nd4 fxe4 35. Nxb5 Rc6 36. Rxc6 Qxc6 37. Nd4 Qd5 38. Nxe6 exd3+ 39. Rf3 Rxe6 40.
exd3 Re3 41. Qf6 Rxf3 42. Qxf3 Qa2+ 43. Qf2 Qxa3 44. Qd2 Qb3 45. d4 Qd5+ 46.
Kg1 Kg7 47. Qc3 Kh6 48. Qe3+ Kh5 49. Qe5+ Qxe5 50. dxe5 Kg5 51. g4 Kh6 52. Kf2
Kg7 53. Ke3 1-0

[Event "ÕÕÕII Nezhmetdinov Memorial"]
[Site "?"]
[Date "2010.06.04"]
[Round "5.39"]
[White "Kurninov, Andrei"]
[Black "Shkuro, Alexandr"]
[Result "0-1"]
[WhiteElo "1776"]
[BlackElo "2071"]
[PlyCount "40"]
[EventDate "2010.06.01"]
[SourceDate "2010.06.05"]

1. d4 Nf6 2. Nf3 e6 3. c4 b6 4. Bg5 Bb7 5. e3 Be7 6. Be2 O-O 7. O-O d6 8. Nc3
Nbd7 9. b4 c5 10. dxc5 dxc5 11. b5 Ne4 12. Nxe4 Bxe4 13. Bf4 Bf6 14. Nd2 Bxa1
15. Nxe4 Be5 16. Bg5 f6 17. Bh4 Qe7 18. f4 Bc7 19. Bf3 Rad8 20. Qa4 Bb8 0-1

[Event "ÕÕÕII Nezhmetdinov Memorial"]
[Site "?"]
[Date "2010.06.04"]
[Round "5.40"]
[White "Malin, Denis"]
[Black "Mukhametgaleeva, Railia"]
[Result "1-0"]
[WhiteElo "2068"]
[BlackElo "1932"]
[PlyCount "109"]
[EventDate "2010.06.01"]
[SourceDate "2010.06.05"]

1. d4 Nf6 2. c4 g6 3. Nc3 Bg7 4. e4 d6 5. Nf3 O-O 6. Be2 c6 7. O-O e5 8. dxe5
dxe5 9. Qc2 Qe7 10. Rd1 Bg4 11. Be3 Nbd7 12. a3 h6 13. b4 a5 14. c5 Ne8 15. Nd2
Bxe2 16. Nxe2 f5 17. f3 Ndf6 18. Nc3 Nc7 19. Nc4 axb4 20. axb4 Rxa1 21. Rxa1
fxe4 22. Nxe4 Nfd5 23. Qd2 Kh7 24. Ncd6 Rb8 25. Bf2 Ne8 26. Ra7 Ndf6 27. Nxe8
Nxe8 28. h4 Rd8 29. Qc2 Kh8 30. h5 gxh5 31. Ng3 Qf7 32. Qf5 Nf6 33. Ne4 Rf8 34.
Nd6 Qd5 35. Qg6 Rb8 36. Nf7+ Kg8 37. Nxh6+ Kh8 38. Nf5 Qd1+ 39. Kh2 Qd7 40. Bh4
Nd5 41. Qxh5+ Kg8 42. Bg3 Bf6 43. Nh6+ Kg7 44. Nf5+ Kg8 45. Qg6+ Kf8 46. Bh4
Bxh4 47. Nxh4 Nxb4 48. Qf6+ Kg8 49. Qxe5 Re8 50. Qg5+ Kh7 51. Qh5+ Kg7 52. Nf5+
Kf6 53. Qh4+ Ke5 54. Nd6 Re7 55. Qxb4 1-0

[Event "ÕÕÕII Nezhmetdinov Memorial"]
[Site "?"]
[Date "2010.06.04"]
[Round "5.41"]
[White "Artemjev, Nikolay"]
[Black "Khairullin, Adel"]
[Result "0-1"]
[WhiteElo "2034"]
[BlackElo "1916"]
[PlyCount "100"]
[EventDate "2010.06.01"]
[SourceDate "2010.06.05"]

1. e4 c5 2. Nf3 e6 3. d4 cxd4 4. Nxd4 Nc6 5. Be3 Nf6 6. f3 a6 7. a3 Qc7 8. Nxc6
bxc6 9. Qd2 d5 10. Nc3 Bd6 11. exd5 cxd5 12. Na4 Rb8 13. c4 Bxh2 14. Rxh2 Qxh2
15. Bf4 Qh4+ 16. g3 Qh5 17. Bxb8 Qxf3 18. Qd3 Qh5 19. Bd6 Ne4 20. c5 Nxd6 21.
cxd6 Qe5+ 22. Kd2 Qxd6 23. Nc3 O-O 24. Be2 Bb7 25. Rh1 h6 26. Rh5 Rc8 27. Bd1
d4 28. Ne2 e5 29. Bc2 e4 30. Qxd4 Qc7 31. Bxe4 Rd8 32. Bd5 Qd6 33. Nf4 g5 34.
Rxh6 Qxh6 35. Bxf7+ Kxf7 36. Qxd8 gxf4 37. Qc7+ Kg8 38. Qb8+ Qf8 39. Qxb7 Qd6+
40. Ke1 fxg3 41. Qc8+ Kg7 42. Qg4+ Kf6 43. Qf3+ Kg5 44. Kf1 Qe5 45. Qe2 Qd5 46.
Kg1 Kf4 47. Qf1+ Kg4 48. Qg2 Qd1+ 49. Qf1 Qd4+ 50. Kg2 Qd2+ 0-1

[Event "ÕÕÕII Nezhmetdinov Memorial"]
[Site "?"]
[Date "2010.06.04"]
[Round "5.42"]
[White "Pavlov, Viktor"]
[Black "Galimzianova, Aliya"]
[Result "0-1"]
[WhiteElo "2033"]
[BlackElo "1908"]
[PlyCount "136"]
[EventDate "2010.06.01"]
[SourceDate "2010.06.05"]

1. e4 e6 2. d4 d5 3. e5 c5 4. c3 Qb6 5. Nf3 Nc6 6. a3 c4 7. Nbd2 Na5 8. Rb1 Bd7
9. b4 cxb3 10. c4 dxc4 11. Nxc4 Nxc4 12. Bxc4 Qc7 13. Qxb3 Rc8 14. Nd2 Bc6 15.
O-O Ne7 16. Bb5 b6 17. Ne4 Nd5 18. Bd2 Bxb5 19. Qxb5+ Qd7 20. a4 Be7 21. Qxd7+
Kxd7 22. a5 Rc4 23. axb6 axb6 24. Be3 Rb8 25. Rfc1 Rxc1+ 26. Bxc1 b5 27. Bd2 b4
28. Rb3 Ra8 29. Kf1 Ra3 30. Rb2 b3 31. Ke2 Nb6 32. Nc3 Nc4 33. Rb1 Bb4 34. Ne4
Nxd2 35. Nxd2 Ra2 36. Rxb3 Bxd2 37. Rb7+ Ke8 38. Rb8+ Kd7 39. Rb7+ Kc6 40. Rxf7
Kd5 41. Kd3 Bh6 42. Rd7+ Kc6 43. Rf7 Kb6 44. h4 Ra7 45. Rf8 Re7 46. Rf3 Kb5 47.
g4 Bc1 48. Rf8 Ba3 49. f4 Rd7 50. Rc8 Rf7 51. Ke4 g6 52. Rc3 Bf8 53. Rc1 Bb4
54. Rc2 Be1 55. Rb2+ Kc6 56. Rc2+ Kd7 57. Ra2 Bxh4 58. Ra7+ Ke8 59. Rxf7 Kxf7
60. f5 exf5+ 61. gxf5 g5 62. d5 g4 63. d6 h5 64. e6+ Ke8 65. Ke5 g3 66. f6 g2
67. d7+ Kd8 68. f7 Be7 0-1

[Event "ÕÕÕII Nezhmetdinov Memorial"]
[Site "?"]
[Date "2010.06.04"]
[Round "5.43"]
[White "Safin, Ravgat"]
[Black "Lev, Nikolay"]
[Result "1-0"]
[WhiteElo "2000"]
[BlackElo "1735"]
[PlyCount "47"]
[EventDate "2010.06.01"]
[SourceDate "2010.06.05"]

1. c4 Nf6 2. Nf3 b6 3. g3 Bb7 4. Bg2 e6 5. O-O g6 6. b3 Bg7 7. Bb2 O-O 8. Qc2
Qe7 9. Nc3 d6 10. Rad1 Nbd7 11. d4 a6 12. Rfe1 c5 13. e3 Rad8 14. Rd2 e5 15.
dxe5 Nxe5 16. Nh4 Bxg2 17. Kxg2 Qb7+ 18. Nd5 Nxd5 19. Rxd5 Nc6 20. Bxg7 Nb4 21.
Qb2 Nxd5 22. cxd5 f6 23. Bxf8 Rxf8 24. e4 1-0

[Event "ÕÕÕII Nezhmetdinov Memorial"]
[Site "?"]
[Date "2010.06.04"]
[Round "5.45"]
[White "Ivanov, Nikolay A."]
[Black "Agafonov, Anton V."]
[Result "1/2-1/2"]
[WhiteElo "1977"]
[BlackElo "2056"]
[PlyCount "98"]
[EventDate "2010.06.01"]
[SourceDate "2010.06.05"]

1. Nf3 d5 2. c4 e6 3. e3 Nf6 4. d4 b6 5. Nc3 Bb7 6. cxd5 exd5 7. Bd3 a6 8. O-O
Bd6 9. Re1 Ne4 10. Qc2 f5 11. Ne5 O-O 12. f3 Qh4 13. Rf1 Nd7 14. g3 Nxg3 15.
Qf2 Nxe5 16. dxe5 Bxe5 17. f4 Rf6 18. hxg3 Rg6 19. Ne2 d4 20. Qh2 Qg4 21. fxe5
Rh6 22. Bxf5 Rxh2 23. Bxg4 Rg2+ 24. Kh1 Rxe2+ 25. Bf3 Rf8 26. e4 Bxe4 27. Bf4
Bxf3+ 28. Rxf3 g5 29. Raf1 gxf4 30. gxf4 Rf5 31. R1f2 Rxf2 32. Rxf2 Kf7 33. Kg2
Ke6 34. Kf3 Kd5 35. Rg2 Rf7 36. Rg8 Rd7 37. Re8 d3 38. Ke3 d2 39. Kxd2 Ke4+ 40.
Kc3 Kxf4 41. e6 Rg7 42. Rf8+ Ke5 43. Rf7 Rg3+ 44. Kc2 Rg2+ 45. Kc3 Rg3+ 46. Kc2
Kxe6 47. Rxh7 Kd6 48. Rh6+ Kc5 49. Rh5+ Kc6 1/2-1/2

[Event "ÕÕÕII Nezhmetdinov Memorial"]
[Site "?"]
[Date "2010.06.04"]
[Round "5.46"]
[White "Glukhov, Alexander"]
[Black "Garifullin, Ildar"]
[Result "1-0"]
[WhiteElo "2034"]
[BlackElo "1847"]
[PlyCount "95"]
[EventDate "2010.06.01"]
[SourceDate "2010.06.05"]

1. e4 e6 2. d4 d5 3. Nd2 dxe4 4. Nxe4 Nd7 5. Nf3 Ngf6 6. Bd3 Nxe4 7. Bxe4 Nf6
8. Bd3 c5 9. O-O cxd4 10. Nxd4 Be7 11. c3 O-O 12. Qe2 Bd7 13. Bf4 Qb6 14. Rad1
Rad8 15. Bb1 Rfe8 16. Be5 Nd5 17. Qd3 g6 18. Qg3 Bf8 19. c4 f6 20. cxd5 fxe5
21. dxe6 exd4 22. Bxg6 hxg6 23. Qxg6+ Bg7 24. Qf7+ Kh8 25. Qh5+ Kg8 26. Qf7+
Kh8 27. exd7 Rf8 28. Qh5+ Qh6 29. Qxh6+ Bxh6 30. Rxd4 Rf7 31. Rfd1 Bg7 32. R4d2
Kg8 33. b3 Kf8 34. g3 Be5 35. f4 Bc7 36. Kg2 Ke7 37. Kf3 Rg8 38. h4 Kd8 39. Re2
Rfg7 40. g4 Rxd7 41. Rxd7+ Kxd7 42. g5 Re8 43. Rxe8 Kxe8 44. f5 Kf7 45. Kg4 Kg7
46. f6+ Kf7 47. Kf5 Bg3 48. h5 1-0

[Event "ÕÕÕII Nezhmetdinov Memorial"]
[Site "?"]
[Date "2010.06.04"]
[Round "5.47"]
[White "Iskhakov, Artur"]
[Black "Belskiy, Artem"]
[Result "0-1"]
[WhiteElo "1815"]
[BlackElo "1622"]
[PlyCount "72"]
[EventDate "2010.06.01"]
[SourceDate "2010.06.05"]

1. e4 e6 2. d4 d5 3. Nc3 Nf6 4. Bg5 Be7 5. e5 Nfd7 6. Bxe7 Qxe7 7. f4 a6 8. Nf3
c5 9. Be2 Nc6 10. Qd2 O-O 11. O-O-O b5 12. Rdg1 Nb6 13. g4 Bb7 14. h4 Rfc8 15.
g5 b4 16. Nd1 cxd4 17. Nxd4 Qc5 18. Nb3 Qe7 19. h5 d4 20. Nf2 Nd5 21. Nxd4 Qc5
22. Nxc6 Rxc6 23. Ne4 Qa5 24. Kb1 Nc3+ 25. Nxc3 bxc3 26. Qe1 Rb6 27. b3 Bxh1
28. Rxh1 Qb4 29. Qc1 a5 30. Bf3 Rd8 31. Be2 Rd2 32. Qf1 a4 33. Qf3 Rb8 34. Re1
axb3 35. axb3 Rc8 36. Ba6 Qa3 0-1

[Event "ÕÕÕII Nezhmetdinov Memorial"]
[Site "?"]
[Date "2010.06.05"]
[Round "6.1"]
[White "Askarov, Marat"]
[Black "Zakhartsov, Viacheslav V."]
[Result "0-1"]
[WhiteElo "2499"]
[BlackElo "2586"]
[PlyCount "58"]
[EventDate "2010.06.01"]
[SourceDate "2010.06.05"]

1. c4 Nf6 2. Nc3 e5 3. g3 Bb4 4. Bg2 O-O 5. e4 Bxc3 6. bxc3 c6 7. Ne2 d5 8.
cxd5 cxd5 9. exd5 Nxd5 10. O-O Nc6 11. f4 Bg4 12. Qe1 Qd7 13. Qf2 Rfe8 14. Rb1
exf4 15. Nxf4 Nxf4 16. Qxf4 Be2 17. Ba3 Bxf1 18. Bxf1 Re5 19. d4 Ra5 20. Bc5 b6
21. Bg2 Rd8 22. Qh4 Re8 23. d5 Rxc5 24. dxc6 Qd3 25. Rf1 Qe3+ 26. Kh1 Rxc3 27.
Bd5 Rc1 28. Bxf7+ Kh8 29. Qh3 Qf3+ 0-1

[Event "ÕÕÕII Nezhmetdinov Memorial"]
[Site "?"]
[Date "2010.06.05"]
[Round "6.2"]
[White "Kharlov, Andrei"]
[Black "Sadykov, Ramil"]
[Result "1-0"]
[WhiteElo "2516"]
[BlackElo "2207"]
[PlyCount "77"]
[EventDate "2010.06.01"]
[SourceDate "2010.06.05"]

1. c4 Nf6 2. Nf3 c5 3. Nc3 Nc6 4. e3 e6 5. d4 d5 6. cxd5 Nxd5 7. Bd3 cxd4 8.
exd4 Be7 9. O-O O-O 10. Re1 Bf6 11. Be4 Qd6 12. Qd3 h6 13. Be3 Ncb4 14. Qd2
Nxe3 15. fxe3 Nd5 16. Bc2 Nxc3 17. bxc3 e5 18. Rad1 exd4 19. cxd4 Bg4 20. e4
Bxf3 21. gxf3 Bg5 22. Qd3 Qa6 23. Qxa6 bxa6 24. e5 Rac8 25. Bb3 Rc3 26. Kg2 Rd8
27. d5 Kf8 28. Kg3 Be3 29. h4 a5 30. h5 f6 31. e6 Rd6 32. Kg4 Ke7 33. f4 Bf2
34. Re2 Rg3+ 35. Kf5 Be3 36. Rd3 Bxf4 37. Rxg3 Bxg3 38. Rg2 a4 39. Bc4 1-0

[Event "ÕÕÕII Nezhmetdinov Memorial"]
[Site "?"]
[Date "2010.06.05"]
[Round "6.3"]
[White "Shcherbakov, Ruslan"]
[Black "Dimukhametov, Artur"]
[Result "1/2-1/2"]
[WhiteElo "2516"]
[BlackElo "2278"]
[PlyCount "24"]
[EventDate "2010.06.01"]
[SourceDate "2010.06.05"]

1. e4 e5 2. Nf3 Nf6 3. Nxe5 d6 4. Nf3 Nxe4 5. Nc3 Nxc3 6. dxc3 Be7 7. Bf4 O-O
8. Qd2 Nd7 9. O-O-O Nc5 10. h4 Be6 11. c4 b5 12. Be3 bxc4 1/2-1/2

[Event "ÕÕÕII Nezhmetdinov Memorial"]
[Site "?"]
[Date "2010.06.05"]
[Round "6.4"]
[White "Isajevsky, Anton"]
[Black "Ponfilenok, Vladimir"]
[Result "1-0"]
[WhiteElo "2424"]
[BlackElo "2451"]
[PlyCount "80"]
[EventDate "2010.06.01"]
[SourceDate "2010.06.05"]

1. Nf3 e6 2. d4 f5 3. Bf4 Nf6 4. e3 b6 5. Nbd2 Bb7 6. Bd3 Be7 7. h3 O-O 8. c3
c5 9. a3 Ne4 10. Rg1 d6 11. g4 Nxd2 12. Nxd2 cxd4 13. gxf5 dxe3 14. Bxe3 exf5
15. Qh5 Qe8 16. Qh6 g6 17. h4 Rf6 18. O-O-O Nd7 19. Bb5 a6 20. Bxd7 Qxd7 21. h5
Bf8 22. Qg5 Bg7 23. Nc4 Re8 24. Bd4 Rfe6 25. Bxg7 Kxg7 26. Qxf5 Be4 27. Qg4 Qc6
28. Ne3 Kh8 29. Qh4 Qc5 30. Rg5 Qc7 31. hxg6 Bxg6 32. Qd4+ Kg8 33. Nf5 Re5 34.
Nh6+ Kf8 35. f4 Rxg5 36. Qf6+ Bf7 37. fxg5 Re6 38. Qh8+ Ke7 39. Qxh7 Rxh6 40.
Qxh6 Qc5 1-0

[Event "ÕÕÕII Nezhmetdinov Memorial"]
[Site "?"]
[Date "2010.06.05"]
[Round "6.5"]
[White "Ulanov, Sergei"]
[Black "Sharafiev,  Azat"]
[Result "0-1"]
[WhiteElo "2145"]
[BlackElo "2447"]
[PlyCount "108"]
[EventDate "2010.06.01"]
[SourceDate "2010.06.05"]

1. d4 g6 2. e4 Bg7 3. g3 d5 4. e5 c5 5. c3 Bf5 6. Nd2 cxd4 7. cxd4 Nc6 8. g4
Be6 9. Nb3 h5 10. gxh5 Rxh5 11. Be2 Rh8 12. Nc5 Bf5 13. Nf3 Qb6 14. O-O Nh6 15.
a3 Bg4 16. b4 Bxf3 17. Bxf3 e6 18. Qd3 Nf5 19. Be3 Rh4 20. Bd1 Nfxd4 21. f4 Rh3
22. Kg2 Rxe3 23. Qxe3 Nf5 24. Qf2 d4 25. Re1 g5 26. Bc2 Ne3+ 27. Rxe3 dxe3 28.
Qxe3 gxf4 29. Qxf4 Bxe5 30. Qg5 Qd8 31. Qg8+ Ke7 32. Qxd8+ Rxd8 33. Rd1 Nd4 34.
Be4 b6 35. Nd3 Ne2 36. Re1 Nf4+ 37. Nxf4 Bxf4 38. Re2 Rd2 39. Rxd2 Bxd2 40. b5
f5 41. Bc2 Kf6 42. h4 e5 43. Kh3 e4 44. a4 Ke5 45. h5 Kd4 46. Bd1 Bh6 47. Kg3
Ke3 48. Bb3 f4+ 49. Kg4 f3 50. Bc4 Kf2 51. Bd5 e3 52. Bxf3 e2 53. Bxe2 Kxe2 54.
Kf5 Kd3 0-1